Closest Countries to Iceland Quiz Stats

 Plays Quiz Updated Jul 14, 2016

Challenge
Share
Tweet
Embed
Score 0/20 Timer 03:00
21 Plays Today
Distance Country % Correct
696 kmUnited Kingdom
98.2%
543 kmNorway
97.7%
1,238 kmSweden
97.6%
284 kmDenmark (Greenland)
96.9%
1,770 kmFrance
96.3%
1,488 kmFinland
95.5%
1,067 kmIreland
95.1%
1,685 kmGermany
94.8%
1,800 kmRussia
93%
1,654 kmNetherlands
91.9%
Distance Country % Correct
1,780 kmBelgium
91.1%
1,638 kmCanada
90.8%
2,285 kmSpain
89.3%
1,965 kmPoland
85.4%
1,987 kmLuxembourg
81.1%
2,021 km Latvia
78.7%
1,946 kmEstonia
78.2%
2,286 km Switzerland
78.1%
2,099 kmLithuania
77%
2,201 kmCzechia
61.2%

You're not logged in!

Compare scores with friends on all Sporcle quizzes.
OR
Log In

You Might Also Like...

Show Comments

Extras

Top Quizzes Today


Score Distribution

Your Account Isn't Verified!

In order to create a playlist on Sporcle, you need to verify the email address you used during registration. Go to your Sporcle Settings to finish the process.

Report this User

Report this user for behavior that violates our Community Guidelines.

Details: